CROP DISEASE MANAGEMENT: PRINCIPLES AND PRACTICES (Record no. 216239)

MARC details
000 -LEADER
fixed length control field 00457nam a22001577a 4500
008 - FIXED-LENGTH DATA ELEMENTS--GENERAL INFORMATION
fixed length control field 251120b |||||||| |||| 00| 0 eng d
020 ## - INTERNATIONAL STANDARD BOOK NUMBER
International Standard Book Number 979-8-88715-00-62
100 ## - MAIN ENTRY--PERSONAL NAME
Personal name JAMES, ROBERT S.
245 ## - TITLE STATEMENT
Title CROP DISEASE MANAGEMENT: PRINCIPLES AND PRACTICES
260 ## - PUBLICATION, DISTRIBUTION, ETC.
Place of publication, distribution, etc. DUBLIN, OH
Name of publisher, distributor, etc. ORYSON PRESS
Date of publication, distribution, etc. 2023
300 ## - PHYSICAL DESCRIPTION
Extent XII, 278P.
500 ## - GENERAL NOTE
General note INCLUDES INDEX
650 ## - SUBJECT ADDED ENTRY
Topical term or geographic name entry element I. PLANT DISEASES. II. PLANT PATHOLOGY
942 ## - ADDED ENTRY ELEMENTS (KOHA)
Source of classification or shelving scheme Library of Congress Classification
Koha item type Long Loan Book
Holdings
Withdrawn status Lost status Source of classification or shelving scheme Damaged status Not for loan Collection Home library Current library Date acquired Inventory number Total checkouts Full call number Barcode Date last seen Copy number Price effective from Koha item type
    Library of Congress Classification     Science & Technology Kisii University Library Kisii University Library 11/20/2025 109922   SB 732 .J36 2023 000000000943 11/20/2025 1 11/20/2025 Long Loan Book
    Library of Congress Classification     Science & Technology Kisii University Library Kisii University Library 11/20/2025 109923   SB 732 .J36 2023 000000000944 11/20/2025 2 11/20/2025 Long Loan Book
    Library of Congress Classification     Science & Technology Kisii University Library Kisii University Library 11/20/2025 109924   SB 732 .J36 2023 000000000945 11/20/2025 3 11/20/2025 Long Loan Book
    Library of Congress Classification     Science & Technology Kisii University Library Kisii University Library 11/20/2025 109925   SB 732 .J36 2023 000000000947 11/20/2025 4 11/20/2025 Long Loan Book